Optimization of process parameters for stable ZnO dispersions. (Record no. 46783)
[ view plain ]
| 000 -LEADER | |
|---|---|
| fixed length control field | 00700nam a2200277Ia 4500 |
| 100 ## - MAIN ENTRY--AUTHOR NAME | |
| Personal name | Anand K |
| 245 #0 - TITLE STATEMENT | |
| Title | Optimization of process parameters for stable ZnO dispersions. |
| 260 ## - PUBLICATION, DISTRIBUTION, ETC. (IMPRINT) | |
| Name of publisher | Rubber Science |
| Year of publication | 2014 |
| 300 ## - PHYSICAL DESCRIPTION | |
| Number of Pages | 146-152 |
| 500 ## - GENERAL NOTE | |
| General note | Source Year: 2012 |
| 650 ## - SUBJECT ADDED ENTRY--TOPICAL TERM | |
| Topical Term | Ball milling |
| 650 ## - SUBJECT ADDED ENTRY--TOPICAL TERM | |
| Topical Term | Ball milling |
| 650 ## - SUBJECT ADDED ENTRY--TOPICAL TERM | |
| Topical Term | Dispersion |
| 650 ## - SUBJECT ADDED ENTRY--TOPICAL TERM | |
| Topical Term | Dispersion |
| 650 ## - SUBJECT ADDED ENTRY--TOPICAL TERM | |
| Topical Term | Ultrafine ZnO |
| 650 ## - SUBJECT ADDED ENTRY--TOPICAL TERM | |
| Topical Term | Ultrafine ZnO |
| 650 ## - SUBJECT ADDED ENTRY--TOPICAL TERM | |
| Topical Term | Ultrasonication |
| 650 ## - SUBJECT ADDED ENTRY--TOPICAL TERM | |
| Topical Term | Ultrasonication |
| 650 ## - SUBJECT ADDED ENTRY--TOPICAL TERM | |
| Topical Term | Zeta potential |
| 650 ## - SUBJECT ADDED ENTRY--TOPICAL TERM | |
| Topical Term | Zeta potential |
| 700 ## - ADDED ENTRY--PERSONAL NAME | |
| Personal name | Kurian T |
| 700 ## - ADDED ENTRY--PERSONAL NAME | |
| Personal name | Mathew S |
| 700 ## - ADDED ENTRY--PERSONAL NAME | |
| Personal name | Varghese S |
| 942 ## - ADDED ENTRY ELEMENTS (KOHA) | |
| Koha item type | Articles |
| Withdrawn status | Lost status | Damaged status | Not for loan | Home library | Current library | Shelving location | Date acquired | Serial Enumeration / chronology | Koha item type |
|---|---|---|---|---|---|---|---|---|---|
| Articles | RRII Library | RRII Library | Rubber technology | 02/07/2014 | Volume 27, Issue 1 | Articles |